000 00595nam a22001337a 4500
082 _a823
_bAUS/S
100 _aAUSTEN, JANE
245 _aSENSE AND SENSIBILITY
260 _aDELHI
_bLITTLE SCHOLARZ PVT LTD
_c2013
300 _a256
520 _aThe novel follows the three Dashwood sisters and their widowed mother as they are forced to leave the family estate at Norland Park and move to Barton Cottage, a modest home on the property of distant relative Sir John Middleton. There Elinor and Marianne experience love, romance, and heartbreak.
650 _aENGLISH LITERATURE
_zINDIA
942 _cBK
999 _c8030
_d8030